La Ovandina. (Record no. 151704)

MARC details
000 -LEADER
campo de control de longitud fija 01201nam a22002775i 4500
001 - NÚMERO DE CONTROL
campo de control 151704
003 - IDENTIFICADOR DE NÚMERO DE CONTROL
campo de control ES-MaACL
005 - FECHA Y HORA DE LA ÚLTIMA TRANSACCIÓN
campo de control 20250816063142.0
008 - DATOS DE LONGITUD FIJA--INFORMACIÓN GENERAL
campo de control de longitud fija 151013s1915 sp |||| | spa d
100 1# - ENTRADA PRINCIPAL--NOMBRE DE PERSONA
Nombre de persona Mexía de Ovando, Pedro
9 (RLIN) 157887
245 13 - MENCIÓN DEL TÍTULO
Título La Ovandina.
Número de parte o sección de la obra Tomo primero /
Mención de responsabilidad, etc. de Pedro Mexía de Ovando.
260 ## - PUBLICACIÓN, DISTRIBUCIÓN, ETC.
Lugar de publicación, distribución, etc. Madrid :
Nombre del editor, distribuidor, etc. Librería General de Victoriano Suárez,
Fecha de publicación, distribución, etc. 1915.
300 ## - DESCRIPCIÓN FÍSICA
Extensión [1] h. de lám., CXXXV, 591 p. ;
Dimensiones 20 cm.
490 1# - MENCIÓN DE SERIE
Mención de serie Colección de libros y documentos referentes a la historia de América ;
Designación de volumen o secuencia 17
500 ## - NOTA GENERAL
Nota general Primera parte de los quatro libros de la ouandina.
530 ## - NOTA DISPONIBLE DE FORMULARIO FÍSICO ADICIONAL
Nota de formato físico adicional disponible Disponible en formato digital.
600 04 - PUNTO DE ACCESO ADICIONAL DE MATERIA--NOMBRE DE PERSONA
Nombre de persona Borja (Familia)-
Subdivisión general Genealogía.
9 (RLIN) 157888
600 14 - PUNTO DE ACCESO ADICIONAL DE MATERIA--NOMBRE DE PERSONA
Nombre de persona Mexía (Familia)-
Subdivisión general Genealogía.
9 (RLIN) 157889
650 04 - PUNTO DE ACCESO ADICIONAL DE MATERIA--TÉRMINO DE MATERIA
Término de materia o nombre geográfico como elemento de entrada Nobleza-
Subdivisión general España.
9 (RLIN) 15578
651 #4 - PUNTO DE ACCESO ADICIONAL DE MATERIA--NOMBRE GEOGRÁFICO
Nombre geográfico España-
Subdivisión general Genealogía.
9 (RLIN) 8199
651 #4 - PUNTO DE ACCESO ADICIONAL DE MATERIA--NOMBRE GEOGRÁFICO
Nombre geográfico América española-
Subdivisión general Genealogía.
9 (RLIN) 157678
830 0# - PUNTO DE ACCESO ADICIONAL DE SERIE-TÍTULO UNIFORME
Título uniforme Colección de libros y documentos referentes a la historia de América ;
Designación de volumen o secuencia 17
9 (RLIN) 187663
852 ## - LOCALIZACIÓN
Ubicación ES-MaACL
Número de control de estantería R-2326-45
Encuadernación Olim: D-2302-21
856 ## - LOCALIZACIÓN Y ACCESO ELECTRÓNICOS
Identificador Uniforme de Recursos <a href="http://bdh-rd.bne.es/viewer.vm?id=0000121000&page=1 ">http://bdh-rd.bne.es/viewer.vm?id=0000121000&page=1 </a>
Nota pública Biblioteca Digital Hispánica
Holdings
Estatus retirado Estado de pérdida Estado de daño No para préstamo Colección Biblioteca de origen Biblioteca actual Ubicación en estantería Fecha de adquisición Fuente de adquisición Total de préstamos Signatura topográfica completa Código de barras Visto por última vez Precio de reemplazo Tipo de ítem Koha
        Colección digital Biblioteca del Ateneo de Madrid Biblioteca del Ateneo de Madrid Depósito 13/10/2015     R-2326-45 1194239 23/02/2023 23/02/2023 Libro impreso